[Event "CHI-ch sf"]
[Site "Villa Alemana"]
[Date "2023.01.21"]
[Round "8"]
[White "Aguirre Contreras, Cristian Rodrigo"]
[Black "Montero Martinez, Cristian"]
[Result "1-0"]
[WhiteElo "2142"]
[BlackElo "2023"]
[PlyCount "71"]
[EventDate "2023.01.18"]
[EventType "swiss"]
[EventRounds "8"]
[EventCountry "CHI"]
[SourceTitle "CBM 212 Extra"]
[Source "ChessBase"]
[SourceDate "2023.03.31"]
[SourceVersion "1"]
[SourceVersionDate "2023.03.31"]
[SourceQuality "1"]

1. e4 d6 2. Nf3 Nf6 3. Nc3 e5 4. Bc4 Be7 5. d3 0-0 6. h3 c6 7. Bb3 a5 8. 0-0 Na6 9. Be3 d5 10. exd5 cxd5 11. d4 e4 12. Ne5 Nc7 13. f3 Bb4 14. Na4 Ne6 15. a3 Be7 16. Nc3 b5 17. Nc6 Qd7 18. Nxe7+ Qxe7 19. Nxd5 Nxd5 20. Bxd5 Bb7 21. Bxe4 Rfd8 22. Re1 Bd5 23. c3 Rac8 24. Qc2 g6 25. Rad1 a4 26. Qf2 Qc7 27. Qh4 Bb3 28. Rd2 f5 29. Bd3 Qd7 30. Rde2 Rf8 31. Bh6 Rf7 32. Re5 Bd5 33. Qf2 Re7 34. h4 Rce8 35. h5 Rb8 36. Qg3 1-0

[Event "CHI-ch sf"]
[Site "Villa Alemana"]
[Date "2023.01.18"]
[Round "2"]
[White "Miranda Camus, Gonzalo"]
[Black "Aguirre Contreras, Cristian Rodrigo"]
[Result "0-1"]
[WhiteElo "1765"]
[BlackElo "2142"]
[PlyCount "66"]
[EventDate "2023.01.18"]
[EventType "swiss"]
[EventRounds "8"]
[EventCountry "CHI"]
[SourceTitle "CBM 212 Extra"]
[Source "ChessBase"]
[SourceDate "2023.03.31"]
[SourceVersion "1"]
[SourceVersionDate "2023.03.31"]
[SourceQuality "1"]

1. d4 Nf6 2. Nf3 b6 3. Bf4 Bb7 4. e3 g6 5. Be2 Bg7 6. 0-0 0-0 7. h3 d6 8. Nbd2 Nbd7 9. c3 Qe8 10. Bh2 e5 11. Qc2 Qe7 12. Rac1 e4 13. Ne1 Ne8 14. Qb3 Kh8 15. Nc2 Bh6 16. c4 f5 17. f3 exf3 18. Bxf3 Bxf3 19. Rxf3 Nef6 20. Nb4 Ne4 21. Nd5 Nxd2 22. Nxe7 Nxb3 23. axb3 Rae8 24. Nd5 c6 25. Bxd6 cxd5 26. Bxf8 Nxf8 27. Kf2 Ne6 28. h4 Nxd4 29. Rh3 Nxb3 30. Rc3 Nc5 31. Ra3 dxc4 32. Rxa7 Nd3+ 33. Ke2 Nf4+ 0-1

[Event "CHI-ch"]
[Site "Las Condes"]
[Date "2022.02.26"]
[Round "10"]
[White "Aguirre Contreras, Cristian Rodrigo"]
[Black "Bahamondes Ortiz, Benjamin"]
[Result "1-0"]
[WhiteElo "2261"]
[BlackElo "2164"]
[PlyCount "121"]
[EventDate "2022.02.18"]
[EventType "tourn"]
[EventRounds "11"]
[EventCountry "CHI"]
[SourceTitle "CBM 207 Extra"]
[Source "ChessBase"]
[SourceDate "2022.05.31"]
[SourceVersion "1"]
[SourceVersionDate "2022.05.31"]
[SourceQuality "1"]

1. e4 c5 2. c3 d5 3. exd5 Qxd5 4. d4 Nf6 5. Nf3 e6 6. Be2 Be7 7. Be3 cxd4 8. Nxd4 0-0 9. 0-0 a6 10. Bf3 Qd8 11. a4 e5 12. Nb3 e4 13. Be2 Nd5 14. Bc5 b6 15. Bc4 Ra7 16. Bxd5 bxc5 17. Bxe4 Qxd1 18. Rxd1 Be6 19. Na5 Rc7 20. Na3 c4 21. Nc2 Bc5 22. Nd4 Bb6 23. Nac6 Nxc6 24. Nxc6 Bg4 25. Rd2 Re8 26. Nb4 Rce7 27. h3 Rxe4 28. hxg4 Re2 29. Rad1 Bxf2+ 30. Kf1 Rxd2 31. Rxd2 Bg3 32. Re2 Rd8 33. Re3 Bf4 34. Re4 g5 35. Nxa6 Rd2 36. Re2 Rd1+ 37. Kf2 Ra1 38. Nc5 Bd6 39. Ne4 Be7 40. Nd2 Bc5+ 41. Kf3 Rxa4 42. Re4 Ra2 43. Nxc4 h6 44. Re5 Bg1 45. Ra5 Rxa5 46. Nxa5 Kf8 47. Ke4 Ke7 48. Nc6+ Kd6 49. Nd4 Kc5 50. Nf5 Kc4 51. Nxh6 f6 52. Ng8 Kb3 53. Kd5 Kxb2 54. c4 Kc3 55. Nxf6 Kd3 56. Ne4 Ke3 57. Ke5 Bh2+ 58. g3 Bg1 59. Nxg5 Kd3 60. Kd5 Ke2 61. Ne6 1-0

[Event "CHI-ch"]
[Site "Las Condes"]
[Date "2022.02.24"]
[Round "8"]
[White "Aguirre Contreras, Cristian Rodrigo"]
[Black "Lopez Silva, Hugo Andres"]
[Result "0-1"]
[WhiteElo "2261"]
[BlackElo "2407"]
[PlyCount "92"]
[EventDate "2022.02.18"]
[EventType "tourn"]
[EventRounds "11"]
[EventCountry "CHI"]
[SourceTitle "CBM 207 Extra"]
[Source "ChessBase"]
[SourceDate "2022.05.31"]
[SourceVersion "1"]
[SourceVersionDate "2022.05.31"]
[SourceQuality "1"]

1. d4 Nf6 2. c4 g6 3. Nc3 Bg7 4. e4 d6 5. h3 c5 6. d5 0-0 7. Nf3 e6 8. Bd3 exd5 9. cxd5 Nh5 10. 0-0 Nd7 11. Bg5 Bf6 12. Be3 a6 13. a4 Re8 14. Re1 Ne5 15. g4 Ng7 16. Nxe5 Bxe5 17. f4 Bd4 18. Qf3 f5 19. g5 Bxc3 20. bxc3 fxe4 21. Bxe4 Bf5 22. Bd2 Rxe4 23. Rxe4 Bxe4 24. Qxe4 Qd7 25. Qf3 Re8 26. c4 Nf5 27. Re1 Rxe1+ 28. Bxe1 Qxa4 29. Qe4 Qd7 30. Qd3 Qe8 31. Bd2 b5 32. cxb5 axb5 33. Kf2 b4 34. Bc1 Qf7 35. Qb5 Nd4 36. Qa6 Qe8 37. Be3 Nf5 38. Bc1 Qe4 39. Qc8+ Kf7 40. Qd7+ Ne7 41. Qxd6 Qc2+ 42. Kf3 Qxc1 43. Qe6+ Kf8 44. Qf6+ Ke8 45. d6 Qf1+ 46. Ke3 Nd5+ 0-1

[Event "CHI-ch"]
[Site "Las Condes"]
[Date "2022.02.18"]
[Round "1"]
[White "Aguirre Contreras, Cristian Rodrigo"]
[Black "Donoso Diaz, Sebastian"]
[Result "1-0"]
[WhiteElo "2261"]
[BlackElo "2212"]
[PlyCount "51"]
[EventDate "2022.02.18"]
[EventType "tourn"]
[EventRounds "11"]
[EventCountry "CHI"]
[SourceTitle "CBM 207 Extra"]
[Source "ChessBase"]
[SourceDate "2022.05.31"]
[SourceVersion "1"]
[SourceVersionDate "2022.05.31"]
[SourceQuality "1"]

1. e4 c6 2. d4 d5 3. Nc3 dxe4 4. Nxe4 Nf6 5. Nxf6+ exf6 6. Be3 Bd6 7. Bd3 0-0 8. Ne2 Qc7 9. c3 Be6 10. Qc2 h5 11. Ng3 c5 12. dxc5 Bxc5 13. Nxh5 Bxe3 14. fxe3 Nd7 15. 0-0 Nc5 16. Bf5 Qe5 17. Rae1 Rfd8 18. Ng3 Bc4 19. Bh7+ Kf8 20. Rf5 Qe7 21. Rh5 Qd6 22. Be4 Be6 23. Bf3 Qd3 24. Qf2 Rac8 25. e4 g6 26. Rxc5 1-0

[Event "Arica op 7th"]
[Site "Arica"]
[Date "2021.12.13"]
[Round "3"]
[White "Aguirre Contreras, Cristian Rodrigo"]
[Black "Delgado Ramirez, Neuris"]
[Result "0-1"]
[WhiteElo "2210"]
[BlackElo "2614"]
[PlyCount "102"]
[EventDate "2021.12.12"]
[EventType "swiss"]
[EventRounds "10"]
[EventCountry "CHI"]
[SourceTitle "CBM 205 Extra"]
[Source "ChessBase"]
[SourceDate "2022.01.31"]
[SourceVersion "1"]
[SourceVersionDate "2022.01.31"]
[SourceQuality "1"]

1. e4 c5 2. Nf3 d6 3. c3 Nf6 4. Bd3 Nc6 5. 0-0 Bg4 6. h3 Bxf3 7. Qxf3 g6 8. Bb5 Nd7 9. d3 Bg7 10. Nd2 0-0 11. Qe2 Rc8 12. a4 Na5 13. Nc4 Nb3 14. Ra3 Nxc1 15. Rxc1 Nf6 16. a5 Nh5 17. a6 b6 18. Ne3 e6 19. Qf3 Kh8 20. Rd1 Qg5 21. g3 Rcd8 22. Bc4 f5 23. Bxe6 fxe4 24. Qg2 Be5 25. h4 Qe7 26. Bg4 exd3 27. Bxh5 gxh5 28. Rxd3 Bxg3 29. fxg3 c4 30. Rd2 Qxe3+ 31. Kh2 Rf3 32. Re2 Qd3 33. Rf2 Rdf8 34. Rxf3 Rxf3 35. Ra1 Qf5 36. Kg1 Qc5+ 37. Kh1 Qe3 38. Rg1 d5 39. Qh3 Qe4 40. Rg2 Rf5 41. Kh2 Kg7 42. g4 Rf3 43. gxh5+ Kh6 44. Qg4 Qxg4 45. Rxg4 Rf2+ 46. Rg2 Rxg2+ 47. Kxg2 Kxh5 48. Kg3 Kg6 49. Kf4 Kf6 50. Kg4 b5 51. Kh5 d4 0-1

[Event "Valdivia op 2nd"]
[Site "Valdivia"]
[Date "2021.09.19"]
[Round "5"]
[White "Bahamondes Ortiz, Benjamin"]
[Black "Aguirre Contreras, Cristian Rodrigo"]
[Result "1-0"]
[WhiteElo "2109"]
[BlackElo "2215"]
[PlyCount "49"]
[EventDate "2021.09.16"]
[EventType "swiss"]
[EventRounds "6"]
[EventCountry "CHI"]
[SourceTitle "CBM 204 Extra"]
[Source "ChessBase"]
[SourceDate "2021.11.30"]
[SourceVersion "1"]
[SourceVersionDate "2021.11.30"]
[SourceQuality "1"]

1. d4 d5 2. c4 e6 3. Nc3 Nf6 4. cxd5 exd5 5. Bg5 Be7 6. e3 c6 7. Qc2 Nbd7 8. Bd3 h6 9. Bh4 b5 10. Nf3 a6 11. 0-0 Bb7 12. Rac1 0-0 13. Rfd1 Re8 14. h3 Bf8 15. Bf5 Qb6 16. g4 g6 17. Bxg6 fxg6 18. Qxg6+ Bg7 19. Ne5 Rxe5 20. Bxf6 Nxf6 21. dxe5 Nh7 22. Nxd5 Qd8 23. Nf6+ Qxf6 24. exf6 Nxf6 25. Rd6 1-0

[Event "Santiago de Chile Constitucion op"]
[Site "Santiago de Chile"]
[Date "2020.02.23"]
[Round "5"]
[White "Larrain Cortes, Eugenio Esteban"]
[Black "Aguirre Contreras, Cristian Rodrigo"]
[Result "1-0"]
[WhiteElo "1909"]
[BlackElo "2187"]
[PlyCount "57"]
[EventDate "2020.02.22"]
[EventType "swiss"]
[EventRounds "6"]
[EventCountry "CHI"]
[SourceTitle "CBM 195 Extra"]
[Source "ChessBase"]
[SourceDate "2020.05.31"]
[SourceVersion "1"]
[SourceVersionDate "2020.05.31"]
[SourceQuality "1"]

1. e4 g6 2. d4 Bg7 3. Nc3 d5 4. exd5 Nf6 5. Bb5+ Nbd7 6. Bg5 0-0 7. Qf3 a6 8. Bc4 Nb6 9. Bb3 Bg4 10. Qf4 Bf5 11. Bxf6 Bxf6 12. Nf3 Bd7 13. g4 Bb5 14. Ne5 Bg7 15. 0-0-0 Qd6 16. Ne4 Qb4 17. h4 Ba4 18. a3 Qa5 19. Ba2 Nxd5 20. Qf3 Bc6 21. h5 f5 22. hxg6 h6 23. gxf5 e6 24. Nf7 exf5 25. Qxf5 Rae8 26. Nc3 Rd8 27. Qe6 Rxf7 28. Qxf7+ Kh8 29. f4 1-0

[Event "Santiago de Chile Constitucion op"]
[Site "Santiago de Chile"]
[Date "2020.02.22"]
[Round "4"]
[White "Aguirre Contreras, Cristian Rodrigo"]
[Black "Cosoi Scherzer, Alejandro"]
[Result "1-0"]
[WhiteElo "2187"]
[BlackElo "1915"]
[PlyCount "45"]
[EventDate "2020.02.22"]
[EventType "swiss"]
[EventRounds "6"]
[EventCountry "CHI"]
[SourceTitle "CBM 195 Extra"]
[Source "ChessBase"]
[SourceDate "2020.05.31"]
[SourceVersion "1"]
[SourceVersionDate "2020.05.31"]
[SourceQuality "1"]

1. Nf3 d5 2. d4 Nf6 3. c4 dxc4 4. e3 e6 5. Bxc4 a6 6. a3 c5 7. 0-0 Nc6 8. Qe2 Be7 9. dxc5 Bxc5 10. b4 Be7 11. Bb2 0-0 12. Rd1 Qc7 13. Nbd2 b5 14. Ba2 Bb7 15. Rac1 Qb6 16. Nb3 Rad8 17. Nfd4 Ba8 18. Nxc6 Bxc6 19. Bd4 Qc7 20. Na5 Rd6 21. Bxf6 Rxd1+ 22. Qxd1 Rd8 23. Qc2 1-0

[Event "CHI-ch"]
[Site "Santiago de Chile"]
[Date "2020.02.19"]
[Round "10"]
[White "Salinas Herrera, Pablo Patricio"]
[Black "Aguirre Contreras, Cristian Rodrigo"]
[Result "1/2-1/2"]
[WhiteElo "2502"]
[BlackElo "2187"]
[PlyCount "26"]
[EventDate "2020.02.11"]
[EventType "tourn"]
[EventRounds "11"]
[EventCountry "CHI"]
[EventCategory "2"]
[SourceTitle "CBM 195 Extra"]
[Source "ChessBase"]
[SourceDate "2020.05.31"]
[SourceVersion "1"]
[SourceVersionDate "2020.05.31"]
[SourceQuality "1"]

1. d4 Nf6 2. Nf3 e6 3. Bf4 d5 4. e3 Be7 5. Nbd2 0-0 6. Bd3 c5 7. c3 Nc6 8. Ne5 Qb6 9. Rb1 Nd7 10. Qh5 f5 11. h4 cxd4 12. Nxd7 Bxd7 13. exd4 Bf6 1/2-1/2

[Event "CHI-ch"]
[Site "Santiago de Chile"]
[Date "2020.02.18"]
[Round "9"]
[White "Aguirre Contreras, Cristian Rodrigo"]
[Black "Gasic Merino, Franco Ignacio"]
[Result "1-0"]
[WhiteElo "2187"]
[BlackElo "2168"]
[PlyCount "73"]
[EventDate "2020.02.11"]
[EventType "tourn"]
[EventRounds "11"]
[EventCountry "CHI"]
[EventCategory "2"]
[SourceTitle "CBM 195 Extra"]
[Source "ChessBase"]
[SourceDate "2020.05.31"]
[SourceVersion "1"]
[SourceVersionDate "2020.05.31"]
[SourceQuality "1"]

1. e4 d5 2. exd5 Nf6 3. Bb5+ Bd7 4. Bc4 b5 5. Be2 Nxd5 6. Bf3 e6 7. Ne2 c5 8. Nbc3 Bc6 9. 0-0 Be7 10. d4 c4 11. Nxd5 Bxd5 12. Nc3 b4 13. Nxd5 exd5 14. Re1 Nc6 15. c3 0-0 16. Qa4 Qd7 17. Bf4 Rfd8 18. Kh1 Rac8 19. h3 h5 20. Bg3 Qf5 21. Rad1 bxc3 22. bxc3 Bd6 23. Bxd6 Rxd6 24. Re3 Rb8 25. Rde1 g5 26. Qa3 Rdd8 27. Qc5 Rbc8 28. Bxh5 Ne5 29. Rxe5 Qxe5 30. Rxe5 Rxc5 31. dxc5 f6 32. Re8+ Rxe8 33. Bxe8 Kf8 34. Bc6 d4 35. cxd4 c3 36. Be4 c2 37. Bxc2 1-0

[Event "CHI-ch sf"]
[Site "Talca"]
[Date "2020.01.17"]
[Round "5"]
[White "Aguirre Contreras, Cristian Rodrigo"]
[Black "Pinilla Gaete, Patricio Eduardo"]
[Result "0-1"]
[WhiteElo "2232"]
[BlackElo "2158"]
[PlyCount "76"]
[EventDate "2020.01.15"]
[EventType "swiss"]
[EventRounds "9"]
[EventCountry "CHI"]
[SourceTitle "CBM 194 Extra"]
[Source "ChessBase"]
[SourceDate "2020.03.31"]
[SourceVersion "1"]
[SourceVersionDate "2020.03.31"]
[SourceQuality "1"]

1. e4 c5 2. c3 d5 3. exd5 Qxd5 4. d4 Nc6 5. Nf3 Nf6 6. Be2 e6 7. 0-0 Be7 8. Na3 0-0 9. Nb5 Qd8 10. dxc5 Bxc5 11. b4 Be7 12. Qb3 a6 13. Rd1 Bd7 14. Nbd4 Qc7 15. Bb2 Nxd4 16. cxd4 Qb6 17. a3 Bc6 18. Ne5 Bd5 19. Qh3 Rfc8 20. Bd3 Qd8 21. Re1 Rc7 22. Re3 Rac8 23. Rae1 Bf8 24. Qh4 g6 25. f4 Ne8 26. Qf2 Nd6 27. Rh3 f5 28. Bb1 Ne4 29. Qe2 Nc3 30. Bxc3 Rxc3 31. Rxc3 Rxc3 32. Qd2 Rxa3 33. Rc1 Rb3 34. Bd3 Rxb4 35. Rc3 Be4 36. Bc4 Rb1+ 37. Bf1 Bb4 38. Qa2 Qxd4+ 0-1

[Event "CHI-ch sf"]
[Site "Talca"]
[Date "2020.01.16"]
[Round "3"]
[White "Aguirre Contreras, Cristian Rodrigo"]
[Black "Bahamondes Cepeda, Jose Patricio"]
[Result "1-0"]
[WhiteElo "2232"]
[BlackElo "1909"]
[PlyCount "47"]
[EventDate "2020.01.15"]
[EventType "swiss"]
[EventRounds "9"]
[EventCountry "CHI"]
[SourceTitle "CBM 194 Extra"]
[Source "ChessBase"]
[SourceDate "2020.03.31"]
[SourceVersion "1"]
[SourceVersionDate "2020.03.31"]
[SourceQuality "1"]

1. d4 d5 2. Nf3 Nf6 3. g3 e6 4. Bg2 Be7 5. 0-0 0-0 6. c4 c6 7. Qc2 Nbd7 8. Nbd2 b6 9. b3 Bb7 10. Bb2 Rc8 11. e4 c5 12. exd5 exd5 13. dxc5 dxc4 14. Nxc4 Bxc5 15. Rad1 b5 16. Ng5 g6 17. Bxb7 Rc7 18. Na5 Be3 19. Nc6 Bxg5 20. Qd3 Nc5 21. Qxd8 Rxd8 22. Nxd8 Nfd7 23. Rfe1 Nxb7 24. Rxd7 1-0

[Event "CHI-ch"]
[Site "Santiago de Chile"]
[Date "2019.02.24"]
[Round "6"]
[White "Salinas Herrera, Pablo Patricio"]
[Black "Aguirre Contreras, Cristian Rodrigo"]
[Result "1-0"]
[WhiteElo "2477"]
[BlackElo "2252"]
[PlyCount "43"]
[EventDate "2019.02.20"]
[EventType "tourn"]
[EventRounds "11"]
[EventCountry "CHI"]
[SourceTitle "CBM 189 Extra"]
[Source "ChessBase"]
[SourceDate "2019.06.03"]
[SourceVersion "1"]
[SourceVersionDate "2019.06.03"]
[SourceQuality "1"]

1. Nf3 Nf6 2. c4 e6 3. b3 d5 4. Bb2 Be7 5. e3 0-0 6. Nc3 b6 7. cxd5 Nxd5 8. Nxd5 Qxd5 9. Qc2 Ba6 10. Qxc7 Bxf1 11. Qxe7 Bxg2 12. Rg1 Qxf3 13. Bxg7 Nc6 14. Qg5 f6 15. Qxg2 Qxg2 16. Rxg2 Rfc8 17. Bxf6+ Kf7 18. Bc3 Rg8 19. Rg3 b5 20. Ke2 b4 21. Bb2 Ne7 22. Rh3 1-0

[Event "CHI-ch"]
[Site "Santiago de Chile"]
[Date "2019.02.23"]
[Round "5"]
[White "Aguirre Contreras, Cristian Rodrigo"]
[Black "Lopez Silva, Hugo Andres"]
[Result "1-0"]
[WhiteElo "2252"]
[BlackElo "2413"]
[PlyCount "87"]
[EventDate "2019.02.20"]
[EventType "tourn"]
[EventRounds "11"]
[EventCountry "CHI"]
[SourceTitle "CBM 189 Extra"]
[Source "ChessBase"]
[SourceDate "2019.06.03"]
[SourceVersion "1"]
[SourceVersionDate "2019.06.03"]
[SourceQuality "1"]

1. d4 Nf6 2. Nf3 c5 3. e3 g6 4. Be2 Bg7 5. 0-0 cxd4 6. exd4 d5 7. Bf4 0-0 8. h3 Qb6 9. Nc3 Nc6 10. Nb5 Ne8 11. Qd2 a6 12. Nc3 Nf6 13. Na4 Qa7 14. c4 Be6 15. c5 Nd7 16. Rac1 Rfe8 17. Rfd1 f6 18. Nh2 Bf7 19. Ng4 g5 20. Bh2 f5 21. Ne5 Ncxe5 22. dxe5 f4 23. h4 Nxe5 24. hxg5 Ng6 25. Bxf4 e5 26. Bg3 Rad8 27. Bf3 e4 28. Bh5 d4 29. Nb6 Bxa2 30. Bc7 Bf7 31. b4 Be5 32. Bxd8 Rxd8 33. g3 Qb8 34. Nc4 e3 35. Nxe3 Bb3 36. Ng4 Bxd1 37. Rxd1 d3 38. Nxe5 Qxe5 39. Re1 Qd5 40. Bxg6 hxg6 41. Re7 Qf3 42. Qc3 Qf8 43. Qc4+ Kh8 44. Qh4+ 1-0

[Event "CHI-ch"]
[Site "Santiago de Chile"]
[Date "2019.02.21"]
[Round "2"]
[White "Gasic Merino, Franco Ignacio"]
[Black "Aguirre Contreras, Cristian Rodrigo"]
[Result "1-0"]
[WhiteElo "2189"]
[BlackElo "2252"]
[PlyCount "71"]
[EventDate "2019.02.20"]
[EventType "tourn"]
[EventRounds "11"]
[EventCountry "CHI"]
[SourceTitle "CBM 189 Extra"]
[Source "ChessBase"]
[SourceDate "2019.06.03"]
[SourceVersion "1"]
[SourceVersionDate "2019.06.03"]
[SourceQuality "1"]

1. d4 Nf6 2. g3 e6 3. c4 d5 4. Nf3 Be7 5. Bg2 0-0 6. 0-0 dxc4 7. Qc2 b6 8. Bg5 Bb7 9. Bxf6 Bxf6 10. Ng5 Bxg5 11. Bxb7 Nd7 12. Bxa8 Qxa8 13. Qxc4 h5 14. Qb5 Qd8 15. Nc3 h4 16. Ne4 Bh6 17. Rad1 f5 18. Nc3 Rf6 19. e4 f4 20. g4 f3 21. h3 Rf4 22. Kh1 a6 23. Qc6 Rf6 24. e5 Nb8 25. Qe4 Rf4 26. Qg6 Qe7 27. d5 Nd7 28. Qxe6+ Rf7 29. Qxe7 Rxe7 30. e6 Ne5 31. b3 b5 32. Rfe1 Ng6 33. Rd3 Nf4 34. Rxf3 b4 35. Ne4 g5 36. Rd1 1-0

[Event "CHI-ch sf"]
[Site "San Clemente"]
[Date "2019.01.24"]
[Round "1.2"]
[White "Aguirre Contreras, Cristian Rodrigo"]
[Black "Cuadros Betancur, Christian"]
[Result "1-0"]
[WhiteElo "2308"]
[BlackElo "1704"]
[PlyCount "53"]
[EventDate "2019.01.24"]
[EventType "swiss"]
[EventRounds "8"]
[EventCountry "CHI"]
[SourceTitle "EXT 2024"]
[Source "ChessBase"]
[SourceDate "2023.10.10"]
[SourceVersion "1"]
[SourceVersionDate "2023.10.10"]
[SourceQuality "1"]

1. b3 c5 2. Nf3 Nc6 3. Bb2 d6 4. g3 e5 5. d3 Nf6 6. Bg2 Be7 7. 0-0 0-0 8. c4 Bg4 9. h3 Bd7 10. Nc3 Qc8 11. Kh2 h6 12. e3 Ne8 13. d4 f5 14. dxe5 dxe5 15. Nd5 Bd6 16. Qd2 Rf7 17. Rad1 g5 18. Rfe1 e4 19. Qc3 Rh7 20. Nf6+ Nxf6 21. Qxf6 Qe8 22. Rxd6 exf3 23. Bxf3 Ne7 24. Red1 Bc6 25. Qe6+ Qf7 26. Rd8+ Rxd8 27. Rxd8+ 1-0

[Event "CHI-ch sf"]
[Site "Quilpue"]
[Date "2019.01.18"]
[Round "3"]
[White "Aguirre Contreras, Cristian Rodrigo"]
[Black "Basualto Penalieres, Pedro Jaime"]
[Result "1/2-1/2"]
[WhiteElo "2299"]
[BlackElo "2052"]
[PlyCount "148"]
[EventDate "2019.01.17"]
[EventType "swiss"]
[EventRounds "8"]
[EventCountry "CHI"]
[SourceTitle "CBM 188 Extra"]
[Source "ChessBase"]
[SourceDate "2019.02.26"]
[SourceVersion "1"]
[SourceVersionDate "2019.02.26"]
[SourceQuality "1"]

1. Nf3 d5 2. b3 e6 3. Bb2 Nf6 4. g3 Bd6 5. Bg2 Nbd7 6. d4 c6 7. 0-0 0-0 8. Nbd2 Qe7 9. c4 e5 10. dxe5 Nxe5 11. cxd5 Nxd5 12. Nxe5 Bxe5 13. Bxe5 Qxe5 14. Nc4 Qh5 15. e4 Qxd1 16. Rfxd1 Nb6 17. Nd6 Rb8 18. Rd2 Be6 19. f4 Rfd8 20. f5 Bd7 21. Rad1 Kf8 22. Kf2 f6 23. Bf3 Be8 24. g4 Nd7 25. Nc4 b5 26. Na5 Rb6 27. Rd6 c5 28. Be2 Rxd6 29. Rxd6 Rb8 30. Ra6 Ne5 31. Rxa7 Rc8 32. Ke3 c4 33. b4 c3 34. Nb3 Bf7 35. Nc5 Nc6 36. Ra3 Nxb4 37. Rxc3 Ke7 38. a3 Na2 39. Rc2 Ra8 40. Bxb5 Rxa3+ 41. Nd3 Nc3 42. Bc6 Kd6 43. Kd4 Na2 44. Bb5 Ra7 45. Rc6+ Ke7 46. Ra6 Rb7 47. Bc6 Rb8 48. Ra7+ Kf8 49. Rxf7+ Kxf7 50. Bd5+ Ke7 51. Bxa2 Ra8 52. Bc4 Ra1 53. Nf4 Rh1 54. h3 Kd6 55. Bg8 h5 56. gxh5 Ra1 57. Bc4 Ra3 58. Bd3 Ke7 59. Ng6+ Kd6 60. Nf4 Ke7 61. Ne6 Kf7 62. Bc4 Kg8 63. Nf4+ Kh7 64. Bf7 Rf3 65. Bg6+ Kh6 66. Ne6 Rd3+ 67. Kc5 Rd1 68. h4 Rd5+ 69. Kc6 Rd6+ 70. Kc7 Rd7+ 71. Kc8 Rd8+ 72. Kb7 Rd7+ 73. Kb6 Rd6+ 74. Kc7 Rd7+ 1/2-1/2

[Event "CHI-ch sf"]
[Site "Quilpue"]
[Date "2019.01.18"]
[Round "4"]
[White "Henriquez Acuna, Julio"]
[Black "Aguirre Contreras, Cristian Rodrigo"]
[Result "1/2-1/2"]
[WhiteElo "2075"]
[BlackElo "2299"]
[PlyCount "67"]
[EventDate "2019.01.17"]
[EventType "swiss"]
[EventRounds "8"]
[EventCountry "CHI"]
[SourceTitle "CBM 188 Extra"]
[Source "ChessBase"]
[SourceDate "2019.02.26"]
[SourceVersion "1"]
[SourceVersionDate "2019.02.26"]
[SourceQuality "1"]

1. e4 g6 2. d4 Bg7 3. f4 d5 4. e5 c5 5. c3 Nc6 6. dxc5 f6 7. exf6 Nxf6 8. Nf3 0-0 9. Be2 Ne4 10. Be3 Bh6 11. Qc1 Qc7 12. 0-0 Bxf4 13. Bxf4 Qxf4 14. Qxf4 Rxf4 15. Rd1 e6 16. g3 Rf6 17. c4 dxc4 18. Nbd2 Nxc5 19. Nxc4 b6 20. Nfe5 Nxe5 21. Rd8+ Rf8 22. Rxf8+ Kxf8 23. Nxe5 Ba6 24. Bxa6 Nxa6 25. Rf1+ Kg8 26. Rf7 Nb4 27. Re7 Nxa2 28. Nd7 Rd8 29. Nf6+ Kf8 30. Rxa7 Rd1+ 31. Kf2 Nb4 32. Nxh7+ Ke8 33. Nf6+ Kd8 34. h4 1/2-1/2

[Event "Antofagasta Zicosur op 4th"]
[Site "Antofagasta"]
[Date "2019.01.07"]
[Round "4"]
[White "Rivera Cerezo, Julio Cesar"]
[Black "Aguirre Contreras, Cristian Rodrigo"]
[Result "0-1"]
[WhiteElo "1822"]
[BlackElo "2299"]
[PlyCount "27"]
[EventDate "2019.01.04"]
[EventType "swiss"]
[EventRounds "10"]
[EventCountry "CHI"]
[SourceTitle "CBM 190 Extra"]
[Source "ChessBase"]
[SourceDate "2019.07.15"]
[SourceVersion "1"]
[SourceVersionDate "2019.07.15"]
[SourceQuality "1"]

1. e4 g6 2. d4 Bg7 3. Nc3 a6 4. Be3 b5 5. Bd3 Bb7 6. Qd2 d6 7. f4 Nf6 8. e5 Ng4 9. Be4 Nc6 10. Nf3 b4 11. Ne2 0-0 12. h3 Nxe3 13. Qxe3 Qc8 14. 0-0 0-1

[Event "Lebu op 7th"]
[Site "Lebu"]
[Date "2018.03.31"]
[Round "4.1"]
[White "Aguirre Contreras, Cristian Rodrigo"]
[Black "Martinez Alcantara, Jose Eduardo"]
[Result "1/2-1/2"]
[WhiteElo "2261"]
[BlackElo "2520"]
[PlyCount "43"]
[EventDate "2018.03.30"]
[EventType "swiss"]
[EventRounds "5"]
[EventCountry "CHI"]
[SourceTitle "EXT 2024"]
[Source "ChessBase"]
[SourceDate "2023.10.10"]
[SourceVersion "1"]
[SourceVersionDate "2023.10.10"]
[SourceQuality "1"]

1. e4 c5 2. c3 d5 3. exd5 Qxd5 4. d4 Nf6 5. Nf3 e6 6. Na3 Qd8 7. Nc2 Nc6 8. Bd3 Be7 9. 0-0 0-0 10. Qe2 Qc7 11. Bg5 cxd4 12. Ncxd4 Nxd4 13. Nxd4 Bd7 14. Rad1 Rae8 15. Nb5 Bxb5 16. Bxb5 Rd8 17. Bxf6 Bxf6 18. Rxd8 Qxd8 19. Rd1 Qb6 20. Rd7 g6 21. Ba4 Bg5 22. Qb5 1/2-1/2

[Event "Lebu op 7th"]
[Site "Lebu"]
[Date "2018.03.31"]
[Round "3.2"]
[White "Gomez Barrera, Javiera Belen"]
[Black "Aguirre Contreras, Cristian Rodrigo"]
[Result "0-1"]
[WhiteElo "2152"]
[BlackElo "2261"]
[PlyCount "82"]
[EventDate "2018.03.30"]
[EventType "swiss"]
[EventRounds "5"]
[EventCountry "CHI"]
[SourceTitle "EXT 2024"]
[Source "ChessBase"]
[SourceDate "2023.10.10"]
[SourceVersion "1"]
[SourceVersionDate "2023.10.10"]
[SourceQuality "1"]

1. e4 c6 2. d4 g6 3. Nf3 Bg7 4. Bd3 d5 5. e5 Bg4 6. Nbd2 c5 7. c3 Nc6 8. h3 Bxf3 9. Nxf3 cxd4 10. cxd4 Qb6 11. 0-0 e6 12. Qa4 Nge7 13. Bd2 0-0 14. Bc3 f6 15. Rae1 fxe5 16. Nxe5 Nxe5 17. dxe5 Nc6 18. Bb5 Rf5 19. Bxc6 bxc6 20. Rc1 Raf8 21. Bd4 Rf4 22. Bxb6 Rxa4 23. Bc7 Rc8 24. Rxc6 Bxe5 25. b3 Bxc7 26. Rfc1 Rc4 27. bxc4 Bh2+ 28. Kxh2 Rxc6 29. c5 Kf7 30. Rb1 Kf6 31. Rb7 Rxc5 32. Rxa7 d4 33. Kg3 Rd5 34. Rb7 Ke5 35. Rb1 Ra5 36. Rb2 d3 37. Kf3 Kd4 38. Rb4+ Kc3 39. Rb3+ Kc2 40. Rb6 d2 41. Rc6+ Kd3 0-1